00803nam a2200169 a 4500008004100000020001500041050001500056100001800071245001700089260003800106350000900144650001700153995016400170995014100334995014100475999001700616120416s2000 ||||||||||||||||| || u a0074603221 aQH 345 Ras aRastogi, S. C10aBiochemistry aNew DelhibTata McGraw-Hillc2000 a0.00 aBIOCHEMISTRY aMAIN LIBRARY OPEN ACCESSD0.00e732162FCBU-MAIN LIBRARY (Kitwe)H1I25.00jQH 345 RasM1UAVAILABLEWAug 24, 2006y029975ZMain Library Open Access Collection aBINDERY (DAMAGED)D0.00e732161FCBU-MAIN LIBRARY (Kitwe)H2I25.00jQH 345 RasM2UDAMAGEDy029976ZMain Library Open Access Collection aBINDERY (DAMAGED)D0.00e732163FCBU-MAIN LIBRARY (Kitwe)H3I25.00jQH 345 RasM3UDAMAGEDy029974ZMain Library Open Access Collection c84634d84634